Nutrition in India, 1946-58; (Record no. 62694)

MARC details
000 -LEADER
fixed length control field 00865cam a22002531 4500
001 - CONTROL NUMBER
control field sa 65002565
003 - CONTROL NUMBER IDENTIFIER
control field DLC
005 - DATE AND TIME OF LATEST TRANSACTION
control field 20260227112117.0
008 - FIXED-LENGTH DATA ELEMENTS--GENERAL INFORMATION
fixed length control field 810409s1960 ii f000 0 eng
010 ## - LIBRARY OF CONGRESS CONTROL NUMBER
LC control number sa 65002565
025 ## - OVERSEAS ACQUISITION NUMBER
Overseas acquisition number PL480:I-E-3110
035 ## - SYSTEM CONTROL NUMBER
System control number (OCoLC)7321193
040 ## - CATALOGING SOURCE
Original cataloging agency DLC
Transcribing agency MnSU
Modifying agency DLC
042 ## - AUTHENTICATION CODE
Authentication code premarc
043 ## - GEOGRAPHIC AREA CODE
Geographic area code a-ii---
050 00 - LIBRARY OF CONGRESS CALL NUMBER
Classification number TX360.I4
Item number P25
100 1# - MAIN ENTRY--PERSONAL NAME
Personal name Pandit, C. G.,
Dates associated with a name 1885-1991.
245 10 - TITLE STATEMENT
Title Nutrition in India, 1946-58;
Remainder of title an evaluation of progress in the light of recommendations of the Health Survey and Development Committee of the Government of India, 1946,
Statement of responsibility, etc. by C. G. Pandit and K. Someswara Rao.
260 ## - PUBLICATION, DISTRIBUTION, ETC.
Place of publication, distribution, etc. New Delhi,
Name of publisher, distributor, etc. Indian Council of Medical Research,
Date of publication, distribution, etc. 1960.
300 ## - PHYSICAL DESCRIPTION
Extent v, 92 p.
Dimensions 24 cm.
650 #0 - SUBJECT ADDED ENTRY--TOPICAL TERM
Topical term or geographic name entry element Nutrition
General subdivision Research.
650 #0 - SUBJECT ADDED ENTRY--TOPICAL TERM
Topical term or geographic name entry element Diet
Geographic subdivision India.
700 1# - ADDED ENTRY--PERSONAL NAME
Personal name Rao, K. Someswara,
Relator term joint author.

No items available.

Powered by Koha